[Event "EU-ch Blitz"]
[Site "Zagreb"]
[Date "2023.12.16"]
[Round "10"]
[White "Nenezic, Marko"]
[Black "Nguyen, Thai Dai Van"]
[Result "1-0"]
[WhiteElo "2499"]
[BlackElo "2632"]
[PlyCount "141"]
[EventDate "2023.12.16"]
[EventType "swiss (blitz)"]
[EventRounds "13"]
[EventCountry "CRO"]
[SourceTitle "CB51_2023"]
[SourceDate "2023.12.20"]
[SourceVersion "1"]
[SourceVersionDate "2023.12.20"]
[SourceQuality "1"]

1. Nf3 c5 2. g3 g6 3. Bg2 Bg7 4. 0-0 Nc6 5. e4 e5 6. a3 Nge7 7. c3 d6 8. b4 0-0 9. d3 a6 10. Be3 b6 11. Qc1 Kh8 12. Bh6 Be6 13. Bxg7+ Kxg7 14. Qb2 d5 15. exd5 Bxd5 16. Qe2 f6 17. Nbd2 Rc8 18. Ne4 Bxe4 19. Qxe4 Qd6 20. bxc5 bxc5 21. Rfd1 Rfd8 22. Bf1 Nd5 23. Rac1 Nde7 24. Nd2 Rb8 25. Nc4 Qd5 26. Qe2 Qe6 27. Bg2 Qd7 28. Qe3 Rdc8 29. Rb1 Rxb1 30. Rxb1 Rd8 31. Be4 Qa7 32. Rb6 Na5 33. Qxc5 Nxc4 34. dxc4 Rc8 35. Qb4 a5 36. Rb7 axb4 37. Rxa7 Rxc4 38. Rxe7+ Kf8 39. Rf7+ Ke8 40. Bd5 Rxc3 41. Ra7 bxa3 42. Bg8 h6 43. Bf7+ Kd8 44. Bxg6 Kc8 45. Be4 Kb8 46. Rb7+ Kc8 47. Ra7 Kb8 48. Ra6 Rc4 49. f3 Rc3 50. Kg2 Kc7 51. Kh3 f5 52. Bxf5 Rxf3 53. Kg4 Rc3 54. Be4 Kd7 55. Kf5 h5 56. Kxe5 h4 57. Kf4 hxg3 58. hxg3 Ke7 59. g4 Kf7 60. g5 Kg7 61. Ra7+ Kg8 62. g6 Rc5 63. Rxa3 Rc7 64. Kg5 Kg7 65. Rb3 Rc5+ 66. Kf4 Kh6 67. Rh3+ Kg7 68. Rh7+ Kg8 69. Rd7 Kh8 70. g7+ Kg8 71. Bd5+ 1-0

[Event "EU-ch Blitz"]
[Site "Zagreb"]
[Date "2023.12.16"]
[Round "5"]
[White "Schoppen, Casper"]
[Black "Nenezic, Marko"]
[Result "1-0"]
[WhiteElo "2537"]
[BlackElo "2499"]
[PlyCount "79"]
[EventDate "2023.12.16"]
[EventType "swiss (blitz)"]
[EventRounds "13"]
[EventCountry "CRO"]
[SourceTitle "CB51_2023"]
[SourceDate "2023.12.20"]
[SourceVersion "1"]
[SourceVersionDate "2023.12.20"]
[SourceQuality "1"]

1. e4 c5 2. Nf3 Nc6 3. Bb5 Nf6 4. Bxc6 dxc6 5. d3 Qc7 6. a4 e5 7. a5 h6 8. h3 Be6 9. b3 Be7 10. Nbd2 Nd7 11. Nc4 0-0 12. Bb2 Bf6 13. Ne3 g6 14. h4 h5 15. Qd2 Kg7 16. Ng5 Qd6 17. g3 Qe7 18. Bc3 Rh8 19. f4 Bg4 20. 0-0 Raf8 21. Rf2 exf4 22. gxf4 Bd4 23. Raf1 f6 24. Nf3 Bxc3 25. Qxc3 Bxf3 26. Rxf3 Qd6 27. Rg3 Kf7 28. Qc4+ Ke8 29. Rxg6 Qd4 30. Qxd4 cxd4 31. Nf5 c5 32. Kf2 Rh7 33. Rfg1 Nb8 34. Rg7 Rxg7 35. Rxg7 Nc6 36. Rxb7 Nb4 37. Rxa7 Nxc2 38. Ra8+ Kf7 39. Rxf8+ Kxf8 40. a6 1-0

[Event "Belgrade Trophy 36th"]
[Site "Belgrade"]
[Date "2023.11.28"]
[Round "4"]
[White "Antic, Dejan"]
[Black "Nenezic, Marko"]
[Result "1/2-1/2"]
[WhiteElo "2362"]
[BlackElo "2499"]
[PlyCount "93"]
[EventDate "2023.11.25"]
[EventType "swiss"]
[EventRounds "9"]
[EventCountry "SRB"]
[SourceTitle "CB49_2023"]
[SourceDate "2023.12.06"]
[SourceVersion "1"]
[SourceVersionDate "2023.12.06"]
[SourceQuality "1"]

1. d4 Nf6 2. c4 d6 3. Nf3 g6 4. Nc3 Bg7 5. e4 0-0 6. Be2 e5 7. 0-0 Bg4 8. d5 a5 9. Bg5 Na6 10. Nd2 Bd7 11. a3 h6 12. Bh4 Qe8 13. Nb5 Nh7 14. Kh1 Bf6 15. Bxf6 Nxf6 16. b4 Qe7 17. Rb1 axb4 18. axb4 c5 19. dxc6 bxc6 20. Nc3 Rfb8 21. b5 Nc5 22. f3 Nh5 23. Nb3 Nf4 24. Nxc5 dxc5 25. g3 Ne6 26. Qd2 h5 27. h4 Nd4 28. Rf2 Be6 29. Bf1 cxb5 30. cxb5 c4 31. f4 Rd8 32. fxe5 Qc5 33. Qf4 Ra3 34. Nd5 Bxd5 35. exd5 Qxd5+ 36. Bg2 Qe6 37. Kh2 Rb3 38. Rd1 Rd3 39. Rxd3 cxd3 40. b6 Ne2 41. Qg5 Qxb6 42. Rf6 Qg1+ 43. Kh3 Qd4 44. Rxg6+ fxg6 45. Qxg6+ Kf8 46. Qf6+ Kg8 47. Qg6+ 1/2-1/2

[Event "Belgrade Trophy 36th"]
[Site "Belgrade"]
[Date "2023.11.25"]
[Round "1"]
[White "Nenezic, Marko"]
[Black "Stanisavljevic, Ivan"]
[Result "1-0"]
[WhiteElo "2499"]
[BlackElo "1819"]
[PlyCount "65"]
[EventDate "2023.11.25"]
[EventType "swiss"]
[EventRounds "9"]
[EventCountry "SRB"]
[SourceTitle "CB49_2023"]
[SourceDate "2023.12.06"]
[SourceVersion "1"]
[SourceVersionDate "2023.12.06"]
[SourceQuality "1"]

1. d4 d5 2. c4 c6 3. Nf3 Nf6 4. Nc3 a6 5. c5 Bf5 6. Bf4 h6 7. h3 g5 8. Bh2 Nbd7 9. e3 Bg7 10. Bd3 Bxd3 11. Qxd3 0-0 12. 0-0 Re8 13. Ne5 Nxe5 14. Bxe5 Nd7 15. Bxg7 Kxg7 16. f4 e6 17. e4 dxe4 18. Nxe4 f5 19. Nd6 Qf6 20. Rae1 Re7 21. fxg5 Qg6 22. Rxf5 Rf8 23. Qf3 Rg8 24. gxh6+ Kh8 25. Nf7+ Kh7 26. Ng5+ Kxh6 27. Nf7+ Kh7 28. Rh5+ Kg7 29. Rg5 Rxf7 30. Rxg6+ Kxg6 31. Qg4+ Kh7 32. Qh5+ Kg7 33. Rxe6 1-0

[Event "HUN-chT 2324"]
[Site "Hungary"]
[Date "2023.10.28"]
[Round "1.2"]
[White "Nenezic, Marko"]
[Black "Pechac, Jergus"]
[Result "1-0"]
[WhiteElo "2497"]
[BlackElo "2596"]
[PlyCount "65"]
[EventDate "2023.10.28"]
[EventType "team-tourn"]
[EventRounds "9"]
[EventCountry "HUN"]
[SourceTitle "Mega2024 Update 01"]
[Source "Chessbase"]
[SourceDate "2023.11.12"]
[SourceVersion "1"]
[SourceVersionDate "2023.11.12"]
[SourceQuality "1"]
[WhiteTeam "Kobanya Aquarena"]
[BlackTeam "Ajka Sentimento"]
[WhiteTeamCountry "HUN"]
[BlackTeamCountry "HUN"]

1. d4 d5 2. c4 e6 3. Nf3 Nf6 4. g3 dxc4 5. Bg2 c6 6. 0-0 b5 7. Nc3 Bb7 8. e4 a5 9. Bg5 h6 10. Bxf6 gxf6 11. Qe2 Nd7 12. d5 Qb6 13. Rfd1 Bc5 14. dxe6 fxe6 15. Bh3 0-0-0 16. Bxe6 Rhe8 17. Bf5 Kc7 18. Bxd7 Rxd7 19. Rxd7+ Kxd7 20. e5 Kc7 21. Rd1 f5 22. Qd2 Kb8 23. Qd7 Re7 24. Qxf5 Bc8 25. Qf6 Re6 26. Qf7 Bxf2+ 27. Kg2 Bc5 28. Ne4 Bb4 29. a3 Qe3 30. Rd8 Re7 31. Qf5 Qe2+ 32. Nf2 Rd7 33. Qxd7 1-0

[Event "SRB-chT Premier"]
[Site "Bajina Basta"]
[Date "2023.09.24"]
[Round "7.6"]
[White "Nenezic, Marko"]
[Black "Perunovic, Milos"]
[Result "0-1"]
[WhiteElo "2504"]
[BlackElo "2540"]
[PlyCount "76"]
[EventDate "2023.09.18"]
[EventType "team-tourn"]
[EventRounds "11"]
[EventCountry "SRB"]
[SourceTitle "EXT 2024"]
[Source "ChessBase"]
[SourceDate "2023.10.10"]
[SourceVersion "1"]
[SourceVersionDate "2023.10.10"]
[SourceQuality "1"]
[WhiteTeam "Pozega"]
[BlackTeam "Ruma Sloven"]
[WhiteTeamCountry "SRB"]
[BlackTeamCountry "SRB"]

1. d4 Nf6 2. c4 e6 3. Nc3 Bb4 4. e3 0-0 5. a3 Bxc3+ 6. bxc3 d6 7. f3 e5 8. e4 Nh5 9. Be3 f5 10. dxe5 fxe4 11. Qd5+ Kh8 12. 0-0-0 Nc6 13. g4 Nf4 14. Qxe4 Ng6 15. h4 Ngxe5 16. Nh3 Be6 17. Nf4 Bg8 18. h5 Qf6 19. g5 Qf5 20. c5 Qxe4 21. fxe4 Bb3 22. Re1 Rae8 23. cxd6 cxd6 24. Rh3 Kg8 25. h6 g6 26. Bd2 Na5 27. Bb5 Rc8 28. Kb1 Bc4 29. Bxc4+ Nexc4 30. Bc1 Nb3 31. Nd3 Rc6 32. Nb4 Rc5 33. Nd5 Rf2 34. Reh1 Rb5 35. Nb4 a5 36. a4 axb4 37. axb5 Na3+ 38. Bxa3 bxa3 0-1

[Event "SRB-chT Premier"]
[Site "Bajina Basta"]
[Date "2023.09.21"]
[Round "4.3"]
[White "Krstulovic, Alex"]
[Black "Nenezic, Marko"]
[Result "0-1"]
[WhiteElo "2432"]
[BlackElo "2504"]
[PlyCount "138"]
[EventDate "2023.09.18"]
[EventType "team-tourn"]
[EventRounds "11"]
[EventCountry "SRB"]
[SourceTitle "EXT 2024"]
[Source "ChessBase"]
[SourceDate "2023.10.10"]
[SourceVersion "1"]
[SourceVersionDate "2023.10.10"]
[SourceQuality "1"]
[WhiteTeam "Subotica Spartak"]
[BlackTeam "Pozega"]
[WhiteTeamCountry "SRB"]
[BlackTeamCountry "SRB"]

1. d4 Nf6 2. c4 d6 3. Nf3 g6 4. Nc3 Bg7 5. e4 Bg4 6. Be2 Bxf3 7. Bxf3 e5 8. d5 h5 9. 0-0 Nbd7 10. Bg5 Bh6 11. Bxh6 Rxh6 12. Qd2 Rh8 13. b4 a5 14. a3 Kf8 15. h3 Kg7 16. Qe3 Qe7 17. Rfc1 Rhc8 18. Na4 c6 19. b5 c5 20. Qg5 Rh8 21. h4 Ng8 22. Qg3 Kf8 23. Re1 b6 24. Kf1 Ke8 25. Ke2 Kd8 26. Qg5 Kc7 27. Qxe7 Nxe7 28. Nc3 f5 29. g3 Raf8 30. Bg2 fxe4 31. Nxe4 Nf5 32. Kd3 Nd4 33. Ra2 Nf6 34. Ng5 Nh7 35. Ne4 Rf5 36. Bh3 Rf7 37. Bg2 Rg8 38. Rh1 Rf5 39. Ke3 Rgf8 40. Rf1 R5f7 41. Kd3 Kd7 42. Bh3+ Ke7 43. Bg2 Rf5 44. Ke3 Nf6 45. Nxf6 R5xf6 46. Be4 Rf3+ 47. Bxf3 Rxf3+ 48. Kd2 Kf6 49. Kc1 e4 50. Re1 Kf5 51. Kd1 Rd3+ 52. Kc1 a4 53. Rb2 Rc3+ 54. Kb1 Rxc4 55. Re3 Ke5 56. Rd2 Nf3 57. Rdd3 Rd4 58. Rc3 Rxd5 59. Kc1 Rd4 60. Re2 Kd5 61. Kb2 c4 62. Rxe4 Rd2+ 63. Kc1 Kxe4 64. Re3+ Kd4 65. Rxf3 Re2 66. Rf6 d5 67. Rxb6 Kd3 68. Rf6 Re1+ 69. Kb2 c3+ 0-1

[Event "Titled Tuesday intern op 15th Aug Early"]
[Site "Chess.com INT"]
[Date "2023.08.15"]
[Round "3"]
[White "Nenezic, Marko"]
[Black "Goncalves, Davi Sulzbacher"]
[Result "1-0"]
[WhiteElo "2504"]
[BlackElo "2282"]
[PlyCount "75"]
[EventDate "2023.08.15"]
[EventType "swiss (blitz)"]
[EventRounds "11"]
[EventCountry "USA"]
[SourceTitle "EXT 2024"]
[Source "ChessBase"]
[SourceDate "2023.10.10"]
[SourceVersion "1"]
[SourceVersionDate "2023.10.10"]
[SourceQuality "1"]

1. Nf3 Nf6 2. b3 d5 3. Bb2 c5 4. e3 e6 5. Bb5+ Bd7 6. a4 Be7 7. Ne5 Bxb5 8. axb5 0-0 9. 0-0 Qb6 10. c4 a6 11. Nc3 Nbd7 12. Nxd7 Nxd7 13. cxd5 axb5 14. dxe6 fxe6 15. Qe2 Bf6 16. Rab1 Ra5 17. Qg4 Ne5 18. Qe4 Qc6 19. f4 Qxe4 20. Nxe4 Nd3 21. Ra1 Rxa1 22. Bxa1 Be7 23. Rb1 Ra8 24. Kf1 Ra2 25. Ke2 Nb4 26. Be5 Nd5 27. Ra1 Rxa1 28. Bxa1 Bf6 29. Bxf6 gxf6 30. Nxc5 Kf7 31. Nxb7 Ke7 32. Kd3 Kd7 33. Nc5+ Kd6 34. Ne4+ Kc6 35. g4 Nb4+ 36. Kd4 Nd5 37. g5 f5 38. Nf6 1-0

[Event "Titled Tuesday intern op 15th Aug Early"]
[Site "Chess.com INT"]
[Date "2023.08.15"]
[Round "8"]
[White "Nenezic, Marko"]
[Black "Smirnov, Alexandr A"]
[Result "0-1"]
[WhiteElo "2504"]
[BlackElo "2136"]
[PlyCount "114"]
[EventDate "2023.08.15"]
[EventType "swiss (blitz)"]
[EventRounds "11"]
[EventCountry "USA"]
[SourceTitle "EXT 2024"]
[Source "ChessBase"]
[SourceDate "2023.10.10"]
[SourceVersion "1"]
[SourceVersionDate "2023.10.10"]
[SourceQuality "1"]

1. d4 c5 2. d5 d6 3. Nc3 g6 4. e4 Bg7 5. Bb5+ Nd7 6. a4 Ngf6 7. a5 a6 8. Bd3 0-0 9. Nf3 e6 10. dxe6 fxe6 11. Bc4 Qe7 12. 0-0 Rb8 13. Re1 b5 14. axb6 Rxb6 15. Bg5 Rxb2 16. e5 Nxe5 17. Nxe5 dxe5 18. Rxe5 Rb6 19. Nd5 Qd6 20. Nxb6 Qxe5 21. Nxc8 Qxg5 22. Rxa6 Kh8 23. Nd6 Ng4 24. Ra8 Qf4 25. Rxf8+ Qxf8 26. Ne4 h5 27. Bxe6 Qf4 28. Bxg4 Qxe4 29. Be2 Bd4 30. Bd3 Qf4 31. Qe1 Kg7 32. g3 Qe5 33. Be4 c4 34. Kg2 c3 35. Qe2 Bb6 36. Qc4 Qc5 37. Qe2 Qe5 38. h3 Qd4 39. Bd3 Qd5+ 40. Kh2 Qc5 41. Kg2 Qd5+ 42. Be4 Qd4 43. g4 hxg4 44. hxg4 Qe5 45. Qd3 Qd4 46. Qf3 Qf6 47. Qg3 Qd4 48. Qf4 Qf6 49. Qg3 Qd4 50. Bd3 Qd5+ 51. f3 Qd4 52. Qe1 Qe3 53. Qxc3+ Kh6 54. Qh8+ Kg5 55. Qh1 Qf2+ 56. Kh3 Bc7 57. Qg2 Qh4# 0-1

[Event "Titled Tuesday intern op 15th Aug Early"]
[Site "Chess.com INT"]
[Date "2023.08.15"]
[Round "6"]
[White "Nenezic, Marko"]
[Black "Vachier Lagrave, Maxime"]
[Result "0-1"]
[WhiteElo "2504"]
[BlackElo "2739"]
[PlyCount "120"]
[EventDate "2023.08.15"]
[EventType "swiss (blitz)"]
[EventRounds "11"]
[EventCountry "USA"]
[SourceTitle "EXT 2024"]
[Source "ChessBase"]
[SourceDate "2023.10.10"]
[SourceVersion "1"]
[SourceVersionDate "2023.10.10"]
[SourceQuality "1"]

1. d4 Nf6 2. c4 g6 3. Nc3 d5 4. cxd5 Nxd5 5. e4 Nxc3 6. bxc3 Bg7 7. Qa4+ Qd7 8. Qa3 b6 9. Nf3 Bb7 10. Bd3 c5 11. Be3 Nc6 12. Rd1 cxd4 13. cxd4 0-0 14. d5 Na5 15. 0-0 Rac8 16. Bd4 Bxd4 17. Nxd4 Rc5 18. Nb3 Nxb3 19. axb3 Ra5 20. Qb2 Ba6 21. Bxa6 Rxa6 22. Rc1 Ra5 23. b4 Ra4 24. Rc6 a5 25. Rxb6 axb4 26. Rxb4 Rxb4 27. Qxb4 Ra8 28. Rc1 Ra4 29. Qb8+ Kg7 30. f3 Ra2 31. Qe5+ f6 32. Rc7 fxe5 33. Rxd7 Kf6 34. Rc7 Ra6 35. h4 h6 36. Kf2 Kf7 37. h5 g5 38. Kg3 Ke8 39. Kg4 Rf6 40. Rc8+ Kd7 41. Rg8 Rf4+ 42. Kg3 Rh4 43. Rg6 Rxh5 44. Re6 Rh1 45. Rxe5 Kd6 46. Re6+ Kd7 47. Kg4 Rh4+ 48. Kg3 Rh1 49. Ra6 Ke8 50. Kg4 Kf7 51. Kf5 Rh2 52. g3 Rh3 53. Kg4 Rh1 54. f4 gxf4 55. gxf4 h5+ 56. Kf5 h4 57. Ra7 Kf8 58. Ke6 Re1 59. e5 h3 60. Ra3 h2 0-1

[Event "Titled Tuesday intern op 25th Jul Late"]
[Site "Chess.com INT"]
[Date "2023.07.25"]
[Round "3"]
[White "Andreikin, Dmitry"]
[Black "Nenezic, Marko"]
[Result "1-0"]
[WhiteElo "2729"]
[BlackElo "2514"]
[PlyCount "77"]
[EventDate "2023.07.25"]
[EventType "swiss (blitz)"]
[EventRounds "11"]
[EventCountry "USA"]
[SourceTitle "EXT 2024"]
[Source "ChessBase"]
[SourceDate "2023.10.10"]
[SourceVersion "1"]
[SourceVersionDate "2023.10.10"]
[SourceQuality "1"]

1. d4 Nf6 2. c4 g6 3. Nc3 Bg7 4. e4 d6 5. h3 0-0 6. Be3 e5 7. d5 a5 8. Nf3 Na6 9. Nd2 Nc5 10. Be2 c6 11. 0-0 Bd7 12. b3 Ne8 13. a3 f5 14. b4 Na6 15. dxc6 bxc6 16. b5 f4 17. bxa6 fxe3 18. fxe3 Rxa6 19. c5 Ra8 20. Nc4 Rxf1+ 21. Bxf1 dxc5 22. Na4 Qe7 23. Nab6 Ra7 24. Qa4 Bh6 25. Rd1 Nf6 26. Be2 Be8 27. Nc8 Qc7 28. Nxa7 Qxa7 29. Rd8 Qe7 30. Qxa5 Nxe4 31. Qa8 Kf8 32. Bf3 Nf6 33. Bxc6 e4 34. Bxe8 Nxe8 35. Nd6 Bxe3+ 36. Kh1 Qf6 37. Rxe8+ Kg7 38. Rg8+ Kh6 39. Qf8+ 1-0

[Event "Titled Tuesday intern op 25th Jul Early"]
[Site "Chess.com INT"]
[Date "2023.07.25"]
[Round "3"]
[White "Garv, Gaur"]
[Black "Nenezic, Marko"]
[Result "0-1"]
[WhiteElo "2128"]
[BlackElo "2514"]
[PlyCount "74"]
[EventDate "2023.07.25"]
[EventType "swiss (blitz)"]
[EventRounds "11"]
[EventCountry "USA"]
[SourceTitle "EXT 2024"]
[Source "ChessBase"]
[SourceDate "2023.10.10"]
[SourceVersion "1"]
[SourceVersionDate "2023.10.10"]
[SourceQuality "1"]

1. Nf3 Nf6 2. g3 g6 3. Bg2 Bg7 4. 0-0 0-0 5. c4 d6 6. Nc3 c6 7. b3 e5 8. Bb2 Re8 9. d3 a5 10. e3 Na6 11. d4 Qc7 12. d5 Nc5 13. Rc1 Bf5 14. Ne1 e4 15. Ne2 h5 16. h3 Qd7 17. Kh2 cxd5 18. cxd5 g5 19. Nd4 Bg6 20. Ne2 Ng4+ 21. hxg4 Bxb2 22. Rc2 Bg7 23. gxh5 Bxh5 24. Qd2 Bg4 25. Nd4 Be5 26. a3 a4 27. b4 Nb3 28. Nxb3 axb3 29. Rc4 f5 30. Rh1 Rac8 31. Bf1 b2 32. Qc2 Rxc4 33. Bxc4 Rc8 34. Ng2 b5 35. Bxb5 Qh7+ 36. Kg1 Rxc2 37. Rxh7 Kxh7 0-1

[Event "Titled Tuesday intern op 25th Jul Late"]
[Site "Chess.com INT"]
[Date "2023.07.25"]
[Round "2"]
[White "Nemeth, John"]
[Black "Nenezic, Marko"]
[Result "0-1"]
[WhiteElo "2135"]
[BlackElo "2514"]
[PlyCount "40"]
[EventDate "2023.07.25"]
[EventType "swiss (blitz)"]
[EventRounds "11"]
[EventCountry "USA"]
[SourceTitle "EXT 2024"]
[Source "ChessBase"]
[SourceDate "2023.10.10"]
[SourceVersion "1"]
[SourceVersionDate "2023.10.10"]
[SourceQuality "1"]

1. Nf3 d5 2. c4 d4 3. e3 c5 4. b4 Nf6 5. bxc5 Nc6 6. exd4 Nxd4 7. Bb2 e5 8. Nxe5 Bxc5 9. Qa4+ b5 10. cxb5 0-0 11. Be2 Re8 12. f4 Nxe2 13. Kxe2 Bg4+ 14. Kf1 Rxe5 15. d4 Re2 16. Qc4 Bd6 17. Bc3 Ne4 18. Be1 Qf6 19. g3 Bxf4 20. Qc6 Bd6+ 0-1

[Event "Titled Tuesday intern op 25th Jul Late"]
[Site "Chess.com INT"]
[Date "2023.07.25"]
[Round "8"]
[White "Nenezic, Marko"]
[Black "Gulamali, Kazim"]
[Result "1-0"]
[WhiteElo "2514"]
[BlackElo "2243"]
[PlyCount "59"]
[EventDate "2023.07.25"]
[EventType "swiss (blitz)"]
[EventRounds "11"]
[EventCountry "USA"]
[SourceTitle "EXT 2024"]
[Source "ChessBase"]
[SourceDate "2023.10.10"]
[SourceVersion "1"]
[SourceVersionDate "2023.10.10"]
[SourceQuality "1"]

1. d4 Nf6 2. c4 e6 3. Nc3 d5 4. Nf3 a6 5. b3 Bb4 6. Bd2 c5 7. e3 Nc6 8. a3 Bxc3 9. Bxc3 Ne4 10. Bb2 Qa5+ 11. Nd2 0-0 12. Bd3 f5 13. cxd5 exd5 14. b4 cxb4 15. axb4 Qb6 16. b5 Nb4 17. Be2 Bd7 18. Qb3 a5 19. Ba3 Nxd2 20. Kxd2 Bxb5 21. Bxb4 Bxe2 22. Qxd5+ Kh8 23. Ba3 Qa6 24. Bxf8 Qd3+ 25. Ke1 Bg4 26. Qa2 Qc3+ 27. Kf1 Rxf8 28. h3 f4 29. Qa3 Qc4+ 30. Kg1 1-0

[Event "Titled Tuesday intern op 25th Jul Late"]
[Site "Chess.com INT"]
[Date "2023.07.25"]
[Round "5"]
[White "Nenezic, Marko"]
[Black "Kochiev, Ivan"]
[Result "1-0"]
[WhiteElo "2514"]
[BlackElo "2053"]
[PlyCount "47"]
[EventDate "2023.07.25"]
[EventType "swiss (blitz)"]
[EventRounds "11"]
[EventCountry "USA"]
[SourceTitle "EXT 2024"]
[Source "ChessBase"]
[SourceDate "2023.10.10"]
[SourceVersion "1"]
[SourceVersionDate "2023.10.10"]
[SourceQuality "1"]

1. d4 Nf6 2. c4 e6 3. Nc3 c5 4. d5 exd5 5. cxd5 d6 6. e4 g6 7. f4 Bg7 8. Bb5+ Nfd7 9. Nf3 0-0 10. 0-0 Na6 11. Kh1 Rb8 12. f5 Nc7 13. Bxd7 Bxd7 14. Bg5 Qe8 15. f6 Bh8 16. Qe1 Nb5 17. Qh4 h5 18. Rae1 Qd8 19. e5 dxe5 20. Nxe5 Nd4 21. Nxg6 fxg6 22. f7+ Kh7 23. Bxd8 Rbxd8 24. Qxd8 1-0

[Event "Belgrade Serbia op"]
[Site "Belgrade"]
[Date "2023.07.21"]
[Round "6"]
[White "Pavlov, Mark"]
[Black "Nenezic, Marko"]
[Result "0-1"]
[WhiteElo "2286"]
[BlackElo "2514"]
[PlyCount "98"]
[EventDate "2023.07.16"]
[EventType "swiss"]
[EventRounds "9"]
[EventCountry "SRB"]
[SourceTitle "CBM 215 Extra"]
[Source "ChessBase"]
[SourceDate "2023.09.30"]
[SourceVersion "1"]
[SourceVersionDate "2023.09.30"]
[SourceQuality "1"]

1. d4 Nf6 2. Nf3 g6 3. g3 Bg7 4. Bg2 0-0 5. 0-0 d6 6. c4 c6 7. Nc3 Qb6 8. h3 Qa6 9. Qb3 Nbd7 10. e4 e5 11. dxe5 Nxe5 12. Nxe5 dxe5 13. Re1 Be6 14. Bf1 b6 15. Be3 Qc8 16. Kh2 h5 17. Qd1 h4 18. Qf3 hxg3+ 19. fxg3 Nh7 20. Rad1 Qc7 21. c5 Rfe8 22. Qf2 b5 23. b3 Rad8 24. b4 a5 25. a3 Bb3 26. Rc1 Rf8 27. g4 Bf6 28. h4 Qe7 29. g5 Bg7 30. Qg3 f6 31. gxf6 Bxf6 32. Be2 Bxh4 33. Qxg6+ Kh8 34. Rf1 Rg8 35. Qh5 Bg5 36. Nd5 Bxd5 37. exd5 Bxe3 38. Rf7 Qxf7 39. Qxf7 Bxc1 40. dxc6 Rdf8 41. Qa2 Rf6 42. Qxg8+ Kxg8 43. Bxb5 e4 44. Bc4+ Kf8 45. b5 Bf4+ 46. Kg2 Ke7 47. Bd5 Ng5 48. b6 Kd8 49. c7+ Bxc7 0-1

[Event "Belgrade Serbia op"]
[Site "Belgrade"]
[Date "2023.07.18"]
[Round "3"]
[White "Nenezic, Marko"]
[Black "Omorjan, Dejan"]
[Result "0-1"]
[WhiteElo "2514"]
[BlackElo "2314"]
[PlyCount "72"]
[EventDate "2023.07.16"]
[EventType "swiss"]
[EventRounds "9"]
[EventCountry "SRB"]
[SourceTitle "CBM 215 Extra"]
[Source "ChessBase"]
[SourceDate "2023.09.30"]
[SourceVersion "1"]
[SourceVersionDate "2023.09.30"]
[SourceQuality "1"]

1. Nf3 c5 2. g3 g6 3. Bg2 Bg7 4. e4 Nc6 5. 0-0 d6 6. c3 e5 7. a3 Nge7 8. b4 a6 9. d3 0-0 10. Be3 b6 11. Qd2 Kh8 12. Bh6 Bxh6 13. Qxh6 f6 14. Qd2 Be6 15. Qb2 Qd7 16. Nbd2 Rab8 17. Rfe1 b5 18. d4 cxd4 19. cxd4 Bg4 20. Nb3 Qa7 21. d5 Bxf3 22. Bxf3 Nd8 23. h4 f5 24. Kg2 Rf6 25. Rac1 Nf7 26. exf5 Nxf5 27. Nd2 Nd4 28. Bd1 Nc2 29. Qxc2 Qxf2+ 30. Kh3 Qxe1 31. Bg4 Qe3 32. Ne4 Rf4 33. Qc7 Rf8 34. Qe7 Kg8 35. Be6 Qxc1 36. gxf4 Qh1+ 0-1

[Event "Aimchess Play In op"]
[Site "Chess.com INT"]
[Date "2023.06.12"]
[Round "9"]
[White "Nenezic, Marko"]
[Black "Volokitin, Andrei"]
[Result "1-0"]
[WhiteElo "2514"]
[BlackElo "2674"]
[PlyCount "103"]
[EventDate "2023.06.12"]
[EventType "swiss (rapid)"]
[EventRounds "9"]
[EventCountry "USA"]
[SourceTitle "CBM 214 Extra"]
[Source "ChessBase"]
[SourceDate "2023.07.31"]
[SourceVersion "1"]
[SourceVersionDate "2023.07.31"]
[SourceQuality "1"]

1. d4 Nf6 2. c4 e6 3. Nc3 Bb4 4. e3 c5 5. a3 Bxc3+ 6. bxc3 Nc6 7. Bd3 b6 8. Nf3 d6 9. e4 e5 10. d5 Ne7 11. Nd2 0-0 12. 0-0 Ng6 13. g3 Bh3 14. Re1 Qd7 15. Nf1 Kh8 16. Ne3 Ne7 17. f3 h5 18. Qc2 Nh7 19. Nd1 f5 20. Nf2 fxe4 21. fxe4 Ng8 22. Nxh3 Qxh3 23. Qg2 Qg4 24. h3 Qg6 25. Be3 Ng5 26. Rf1 Nf6 27. Rae1 Nfh7 28. Rf5 Rxf5 29. exf5 Qe8 30. h4 Nf7 31. f6 Nxf6 32. Bg6 Qe7 33. Rf1 Nh6 34. Bg5 Rf8 35. Bxh5 e4 36. Be2 Qe5 37. Bf4 Qxc3 38. Bxd6 Re8 39. g4 e3 40. Bf4 Ne4 41. g5 Nf5 42. Qg4 g6 43. h5 Nd4 44. hxg6 Kg7 45. Qh5 Nxe2+ 46. Qxe2 Kxg6 47. Qg4 e2 48. Qxe2 Qd4+ 49. Be3 Nxg5 50. Bxd4 Rxe2 51. Rf6+ Kh5 52. d6 1-0

[Event "Aimchess Play In op"]
[Site "Chess.com INT"]
[Date "2023.06.12"]
[Round "8"]
[White "Oparin, Grigoriy"]
[Black "Nenezic, Marko"]
[Result "1-0"]
[WhiteElo "2687"]
[BlackElo "2514"]
[PlyCount "83"]
[EventDate "2023.06.12"]
[EventType "swiss (rapid)"]
[EventRounds "9"]
[EventCountry "USA"]
[SourceTitle "CBM 214 Extra"]
[Source "ChessBase"]
[SourceDate "2023.07.31"]
[SourceVersion "1"]
[SourceVersionDate "2023.07.31"]
[SourceQuality "1"]

1. Nf3 Nf6 2. g3 g6 3. c4 Bg7 4. Bg2 0-0 5. Nc3 d6 6. d4 c6 7. 0-0 Bf5 8. Ng5 h6 9. e4 Bg4 10. Nf3 e5 11. d5 a5 12. h3 Bd7 13. Be3 Na6 14. dxc6 Bxc6 15. Nd2 Nc5 16. Qe2 a4 17. Rfc1 Kh7 18. Nd5 Qa5 19. Qd1 Nd3 20. Rc2 Nc5 21. Rb1 Rfc8 22. b4 axb3 23. axb3 Qd8 24. b4 Ncd7 25. Nb3 Ba4 26. Qd2 b5 27. c5 dxc5 28. bxc5 Ra6 29. Nb4 Bxb3 30. Rxb3 Ra1+ 31. Kh2 Nf8 32. Qxd8 Rxd8 33. c6 Ra4 34. Nd5 Nxd5 35. exd5 Rc4 36. Rxc4 bxc4 37. Rc3 e4 38. Rxc4 f5 39. Bb6 Ra8 40. d6 Be5 41. d7 Ne6 42. c7 1-0

[Event "Aimchess Play In op"]
[Site "Chess.com INT"]
[Date "2023.06.12"]
[Round "2"]
[White "Vallejo Pons, Francisco"]
[Black "Nenezic, Marko"]
[Result "1/2-1/2"]
[WhiteElo "2706"]
[BlackElo "2514"]
[PlyCount "99"]
[EventDate "2023.06.12"]
[EventType "swiss (rapid)"]
[EventRounds "9"]
[EventCountry "USA"]
[SourceTitle "CBM 214 Extra"]
[Source "ChessBase"]
[SourceDate "2023.07.31"]
[SourceVersion "1"]
[SourceVersionDate "2023.07.31"]
[SourceQuality "1"]

1. e4 c5 2. Nf3 d6 3. Nc3 Nf6 4. d4 cxd4 5. Nxd4 a6 6. Rg1 e5 7. Nb3 h5 8. h3 Be6 9. Be3 Nbd7 10. g4 hxg4 11. hxg4 Rc8 12. Qf3 Rxc3 13. bxc3 Qc7 14. c4 Bxc4 15. Bxc4 Qxc4 16. Nd2 Qc6 17. g5 Nh5 18. g6 fxg6 19. Qg4 Nhf6 20. Qxg6+ Kd8 21. c4 Nc5 22. Rb1 Kc8 23. Bxc5 Qxc5 24. Qf7 Nd7 25. Qe8+ Kc7 26. Rxb7+ Kxb7 27. Qxd7+ Qc7 28. Qe6 Ka7 29. Rg3 Rh1+ 30. Ke2 Rh6 31. Qd5 Rf6 32. Rb3 Qf7 33. f3 Qxd5 34. exd5 Rh6 35. a4 Rh2+ 36. Kd3 Be7 37. Ne4 Rh3 38. Ke2 Rh2+ 39. Kf1 Rc2 40. c5 dxc5 41. d6 Bd8 42. Ke1 c4 43. Rb1 Ba5+ 44. Kd1 Rh2 45. d7 Rh1+ 46. Kc2 Rh2+ 47. Kd1 Rh1+ 48. Kc2 Rh2+ 49. Kc1 Rh1+ 50. Kc2 1/2-1/2